| 000 | 01149nam a22002177a 4500 | ||
|---|---|---|---|
| 003 | OSt | ||
| 005 | 20260128093659.0 | ||
| 008 | 230406b ||||| |||| 00| 0 eng d | ||
| 040 | _cOst | ||
| 041 | _ashan | ||
| 082 | _a895.9196 | ||
| 245 |
_aၽိုၼ်လိၵ်ႈၶူၼ်ႉၶႂႃႉပၢင်ၵုမ်ၶွၼ်ႇၾရႅၼ်ႉလိၵ်ႈလူင်ပွၵ်ႈၵမ်း (3)၊ တိူၵ်ႈသွၼ်လိၵ်ႈဝတ်ႉၵၢင်မိူင်း၊ ဝဵင်းလႃႈသဵဝ်ႈ။ _cၸုမ်းပွင်ၵၢၼ်ပၢင်ၵုမ်ၶွၼ်ႇၾရႅၼ်ႉလိၵ်ႈလူင်ပွၵ်ႈၵမ်း (3) |
||
| 260 |
_aတူၼ်ႈတီး _bဢွင်ႇပၢၼ်းၽိဝ်ႇ _c2015 |
||
| 300 |
_a352 ၼႃႈ _c26 ၸိၼ်ႇထီႇ |
||
| 500 | _a S-SAT: Dr. Prof Sai Aung Tun | ||
| 650 |
_aလိၵ်ႈလၢႆးတႆး-ၶွၼ်ႇၾရႅၼ်ႉ _922816 |
||
| 650 |
_aပုတ်ႉထၽႃႇသႃႇ-ၶွၼ်ႇၾရႅၼ်ႉ _922817 |
||
| 942 | _cBK | ||
| 942 | _2ddc | ||
| 942 | _2ddc | ||
| 999 |
_c23777 _d23777 |
||